| 000 | 00752nam a2200121Ia 4500 | ||
|---|---|---|---|
| 008 | 220620s9999||||xx |||||||||||||| ||und|| | ||
| 100 | _aMendez, Mario | ||
| 245 | 4 | _aThe Legal Effects of EU Agreements | |
| 546 | _aEnglish[eng] | ||
| 650 | _aeu courts||treaty enforcement||constitutionalization||member states||eu level litigation||cjeu||domestic courts||eu law||eu concluded treaties||Creative Commons||Direct effect of European Union law||European Court of Justice||European Union||European Union law||General Agreement on Tariffs and Trade||International law||World Trade Organization | ||
| 856 | _uhttps://library.oapen.org/bitstream/20.500.12657/33858/1/453475.pdf||https://library.oapen.org/bitstream/20.500.12657/33858/1/453475.pdf | ||
| 942 | _cEB | ||
| 999 |
_c26605 _d26605 |
||